000 00339nam a22001457a 4500
008 250417b ||||| |||| 00| 0 eng d
020 _a9781840224276
041 _aeng
080 _21995
_a82JAM
082 _282JAM
_a82JAM
100 _a01
101 _aGJUHE DHE LETERSI
245 _aWASHINGTON SQUARE
_cHENRY JAMES
942 _2udc
_cBK
999 _c60647
_d60647